• 首页
  • 本馆介绍
  • 公告通知
  • 最新文献
  • 馆藏检索
  • 电子资源
  • 读者导购
  • 参考咨询
  • 我的图书馆
  • 登录
  • 详细信息显示
  • 放入我的书架
  • 预约/预借图书
  • 作者相关作品
  • 分类相关作品
  • 丛书相关作品
  • 出版社相关作品

书目信息

  • 表格格式
  • 工作单格式
  • 卡片格式
题名:
中国共产党宣传工作简史
    
 
作者: ;中共中央宣传部
分册: 下卷  
出版信息: 北京   人民出版社  2022.01
页数: 343-777页
开本: 24cm
丛书名:
单 册:
中图分类: D261.5
科图分类:
主题词: 中国共产党
电子资源:
ISBN: 978-7-01-024516-4
000 00679nam0 2200193 450
001 2337828017
005 20251216150954.47
010    @a978-7-01-024516-4@dCNY98.00(上、下卷)
100    @a20230912d2022 km y0chiy0120 ea
101 0  @achi
102    @aCN@b110000
200 1  @a中国共产党宣传工作简史@AZhong Guo Gong Chan Dang Xuan Chuan Gong Zuo Jian Shi@h下卷@f中共中央宣传部@FZhong Gong Zhong Yang Xuan Chuan Bu
210    @a北京@c人民出版社@d2022.01
215    @a343-777页@d24cm
606 0  @a中国共产党
690    @aD261.5@v4
711 02 @a中共中央宣传部@AZhong Gong Zhong Yang Xuan Chuan Bu
801  0 @aCN@b大连网信软件有限公司图书馆·11@c20251216
905    @aZUCC@dD261.5@e2028:2
    
    中国共产党宣传工作简史.下卷/中共中央宣传部.-北京:人民出版社,2022.01
    343-777页;24cm
    
    
    ISBN 978-7-01-024516-4:CNY98.00(上、下卷)
    
●
相关链接 在E读中查询图书 在五车中查询图书 在当当中查询图书 在豆瓣中查询图书


正题名:中国共产党宣传工作简史     索取号:D261.5/2028:2         预约/预借

序号 登录号 条形码 馆藏地/架位号 状态 备注
1 0568727   205687274   第一样本阅览室/ [索取号:D261.5/2028:2] 在馆    
2 1441962   214419627   第一借阅区/ [索取号:D261.5/2028:2] 在馆    
3 1441963   214419636   第一借阅区/ [索取号:D261.5/2028:2] 在馆    
4 1441964   214419645   第一借阅区/ [索取号:D261.5/2028:2] 在馆    
唐山师范学院图书馆 欢迎您!
大连网信软件有限公司© 版权所有